Statistics for Arnold Schwarzenegger Movies

Click here to take the quiz!

General Stats

  • This quiz has been taken 34 times
    (31 since last reset)
  • The average score is 10 of 21

Answer Stats

Release YearCostarsMovie% Correct
1984Linda Hamilton, Michael BiehnThe Terminator
100%
1987Carl Weathers, Jesse VenturaPredator
80%
1988Danny DeVito, Kelly PrestonTwins
80%
1994Jamie Lee Curtis, Bill PaxtonTrue Lies
73%
1985Vernon Wells, Bill DukeCommando
67%
1982James Earl Jones, Max von SydowConan the Barbarian
60%
1990Penelope Ann Miller, Linda HuntKindergarten Cop
60%
1997George Clooney, Uma ThurmanBatman & Robin
57%
2012Chuck Norris, Jean-Claude Van DammeThe Expendables 2
57%
1991Linda Hamilton, Edward FurlongTerminator 2: Judgement Day
47%
1990Sharon Stone, Dean NorrisTotal Recall
47%
2013Sylvester Stallone, Vinnie JonesEscape Plan
43%
1996Rita Wilson, Jake LloydJingle All the Way
40%
1993F. Murray Abraham, Art CarneyLast Action Hero
37%
1987Yaphet Kotto, Jim BrownThe Running Man
33%
2000Michael Rooker, Robert DuvallThe 6th Day
27%
1970Arnold Stang, Deborah LoomisHercules in New York
23%
2019Linda Hamilton, Mackenzie DavisTerminator: Dark Fate
23%
2014Sam Worthington, Terrence HowardSabotage
13%
TBADanny DeVito, Tracy MorganTriplets
10%
2015Abigail Breslin, Joely RichardsobMaggie
7%

Score Distribution

Percentile by Number Answered

Percent of People with Each Score

Your Score History

You have not taken this quiz since the last reset